00569 2200205 4500001002100000005001700021008004100038020001800079035002400097090002000121245007300141250001000214260003100224300002500255650002300280710002400303850000900327985000600336999002100342YOGYA-0209000005862720090227034538.0 ind  a979-21-1252-9 0010-020900000058627 a153.9bWarlDEP aWARNA-WARNI kecerdasan anak dan pendampingannyacTim pustaka familia aCet.1 aYogyakartabKanisiusc2006 a298 hlmbilusc21 cm aInteligensi - Anak aTim Pustaka Familia aBPAD a1 a2006-100hCB-D.11